LEADER 02343nam 2200493 450 001 9910169208603321 005 20230725193629.0 010 $a953-51-4148-1 010 $a953-51-2784-5 035 $a(CKB)3710000001157087 035 $a(NjHacI)993710000001157087 035 $a(oapen)https://directory.doabooks.org/handle/20.500.12854/40129 035 $a(EXLCZ)993710000001157087 100 $a20221018d2016 uy 0 101 0 $aeng 135 $aur||||||||||| 181 $ctxt$2rdacontent 182 $cc$2rdamedia 183 $acr$2rdacarrier 200 00$aAdhesives $eApplications and Properties /$fedited by Anna Rudawska 210 $cIntechOpen$d2016 210 1$aRijeka, Croatia :$cIntechOpen,$d2016. 215 $a1 online resource (398 pages) $cillustrations 311 $a953-51-2783-7 320 $aIncludes bibliographical references. 330 $aThis book presents some information regarding adhesives which have applications in industry, medicine and dentistry. The book is divided into two parts: ""Adhesives Applications in Medicine and Dentistry"" and ""Properties of Adhesive."" The aim of such a presentation is to present the usage in very different aspects of application of the adhesives and present specific properties of adhesives. Adhesives' advantageous properties and relatively uncomplicated processing methods contribute to their increasing application and their growing popularity in the industry, medicine and other branches. Some adhesives represent properties superior to those of most adhesive materials, due to their excellent adhesion and chemical resistance. A wide variety of adhesives' considerable flexibility in modification of properties of adhesives allows adjusting the composition to particular applications. 517 $aAdhesives 517 $aAdhesives - Applications and Properties 606 $aAdhesives, Hot melt 610 $aPhysical Sciences 610 $aEngineering and Technology 610 $aMaterials Science 610 $aBiochemistry 610 $aPolymers 615 0$aAdhesives, Hot melt. 676 $a668.3 700 $aAnna Rudawska$4auth$01369333 702 $aRudawska$b Anna 801 0$bNjHacI 801 1$bNjHacl 906 $aBOOK 912 $a9910169208603321 996 $aAdhesives$93401742 997 $aUNINA